Sports Quiz

Random Sports or Soccer Quiz

International Football XIs: Norway Quiz Stats

Quiz not verified by Sporcle

Challenge
Share
Tweet
Embed
Score 0/253 Timer 20:00
1 Play Today
% Correct
John Carew
89.2%
John Carew
89.2%
John Carew
89.2%
John Carew
89.2%
John Carew
89.2%
John Carew
89.2%
John Carew
89.2%
John Carew
89.2%
Tore André Flo
88.3%
Tore André Flo
88.3%
Tore André Flo
88.3%
Tore André Flo
88.3%
Tore André Flo
88.3%
Jostein Flo
88.3%
Håvard Flo
87.9%
Ole Gunnar Solskjær
87.4%
Ole Gunnar Solskjær
87.4%
Ole Gunnar Solskjær
87.4%
Ole Gunnar Solskjær
87.4%
Ole Gunnar Solskjær
87.4%
Ole Gunnar Solskjær
87.4%
John Arne Riise
85.6%
John Arne Riise
85.6%
John Arne Riise
85.6%
John Arne Riise
85.6%
John Arne Riise
85.6%
John Arne Riise
85.6%
John Arne Riise
85.6%
John Arne Riise
85.6%
John Arne Riise
85.6%
John Arne Riise
85.6%
John Arne Riise
85.6%
Bjørn Helge Riise
85.3%
Bjørn Helge Riise
85.3%
Bjørn Helge Riise
85.3%
Henning Berg
83.6%
Henning Berg
83.6%
Henning Berg
83.6%
Henning Berg
83.6%
Henning Berg
83.6%
Henning Berg
83.6%
Henning Berg
83.6%
Ronny Johnsen
79.9%
Ronny Johnsen
79.9%
Ronny Johnsen
79.9%
Ronny Johnsen
79.9%
Ronny Johnsen
79.9%
Ronny Johnsen
79.9%
Espen Johnsen
79.4%
Frode Johnsen
79.3%
Morten Gamst Pedersen
71.7%
Morten Gamst Pedersen
71.7%
Morten Gamst Pedersen
71.7%
Morten Gamst Pedersen
71.7%
Morten Gamst Pedersen
71.7%
Morten Gamst Pedersen
71.7%
Morten Gamst Pedersen
71.7%
Morten Gamst Pedersen
71.7%
Steffen Iversen
71.3%
Steffen Iversen
71.3%
Steffen Iversen
71.3%
Steffen Iversen
71.3%
Steffen Iversen
71.3%
Steffen Iversen
71.3%
Brede Hangeland
67.4%
Brede Hangeland
67.4%
Brede Hangeland
67.4%
Brede Hangeland
67.4%
Brede Hangeland
67.4%
Brede Hangeland
67.4%
Brede Hangeland
67.4%
Brede Hangeland
67.4%
Brede Hangeland
67.4%
Josh King
66.9%
Brede Hangeland
66.5%
Frode Grodås
66%
Frode Grodås
66%
Frode Grodås
66%
Josh King
65.5%
Thomas Myhre
65.1%
Thomas Myhre
65.1%
Thomas Myhre
65.1%
Thomas Myhre
65.1%
Thomas Myhre
65.1%
Thomas Myhre
65.1%
% Correct
Stig Inge Bjørnebye
63.7%
Stig Inge Bjørnebye
63.7%
Stig Inge Bjørnebye
63.7%
Rune Jarstein
63.4%
Øyvind Leonhardsen
62.5%
Øyvind Leonhardsen
62.5%
Øyvind Leonhardsen
62.5%
Øyvind Leonhardsen
62.5%
Øyvind Leonhardsen
62.5%
Kjetil Rekdal
61.9%
Kjetil Rekdal
61.9%
Kjetil Rekdal
61.9%
Kjetil Rekdal
61.9%
Mohamed Elyounoussi
60.7%
Martin Ødegaard
60.1%
Rune Jarstein
59.1%
Erik Mykland
58.9%
Erik Mykland
58.9%
Erik Mykland
58.9%
Erik Mykland
58.9%
Josh King
57.3%
Frode Olsen
55.8%
Håvard Nordtveit
55.4%
Roar Strand
55.3%
Roar Strand
55.3%
Stefan Johansen
54.8%
Stefan Johansen
54.8%
Rune Jarstein
54.7%
Sander Berge
54.1%
Erik Thorstvedt
53.8%
Rune Jarstein
53.3%
Rune Jarstein
53.3%
Rune Jarstein
53.3%
Per Clijan Skjelbred
53.3%
Markus Henriksen
53%
Stefan Johansen
52.1%
Alexander Tettey
51.9%
Per Clijan Skjelbred
51.8%
Jan Åge Fjørtoft
51.2%
Jan Åge Fjørtoft
51.2%
Vegard Heggem
50.9%
Per Clijan Skjelbred
50.6%
Jonas Svensson
49.7%
Stefan Johansen
49%
Ørjan Nyland
48.8%
Per Clijan Skjelbred
48.3%
Alexander Søderlund
47.7%
Ståle Solbakken
47.6%
Ståle Solbakken
47.6%
Ståle Solbakken
47.6%
Ståle Solbakken
47.6%
Ståle Solbakken
47.6%
Vegard Forren
46.9%
Trond Andersen
46.6%
Trond Andersen
46.6%
Ørjan Nyland
46.4%
Dan Eggen
45.8%
Tarik Elyounoussi
45.8%
Alexander Søderlund
45.8%
Mini Jakobsen
45.1%
Mohammed Abdellaoue
44.9%
Mohammed Abdellaoue
44.9%
Vegard Forren
44.6%
Tarik Elyounoussi
44.4%
Tom Høgli
44.3%
Omar Elabdellaoui
43.8%
Per Clijan Skjelbred
43.5%
Alexander Sørloth
43.4%
Markus Henriksen
43.4%
Alexander Tettey
42.9%
Håvard Nordtveit
42.9%
Tarik Elyounoussi
42.6%
André Bergdølmo
42.6%
André Bergdølmo
42.6%
André Bergdølmo
42.6%
André Bergdølmo
42.6%
André Bergdølmo
42.6%
Tom Høgli
42.2%
Martin Andresen
41.9%
Martin Andresen
41.9%
Martin Andresen
41.9%
Martin Andresen
41.9%
Martin Andresen
41.9%
Alf Inge Håland
41.8%
Eirik Bakke
41.3%
% Correct
Eirik Bakke
41.3%
Eirik Bakke
41.3%
Claus Lundekvam
40.8%
Claus Lundekvam
40.8%
Omar Elabdellaoui
40.5%
Even Hovland
40.5%
Tom Høgli
40.3%
Tom Høgli
40.3%
Bent Skammelsrud
40%
Bent Skammelsrud
40%
Lars Bohinen
39.9%
Birger Meling
39.8%
Håvard Nordtveit
39.1%
Even Hovland
39.1%
Daniel Braaten
39%
Daniel Braaten
38.9%
Daniel Braaten
38.9%
Erik Hoftun
37.8%
Erik Hoftun
37.8%
Erik Hoftun
37.8%
Roger Nilsen
37.7%
Christian Grindheim
37.7%
Christian Grindheim
37.7%
Christian Grindheim
37.7%
Christian Grindheim
37.7%
Christian Grindheim
37.7%
Jonas Svensson
37.6%
Mats Møller Dæhli
37.1%
Omar Elabdellaoui
36.9%
Jo Inge Berget
36.8%
Gustav Valsvik
36.7%
Vidar Riseth
36.5%
Markus Henriksen
36.4%
Erik Hagen
35.2%
Erik Hagen
35.2%
Erik Hagen
35.2%
Erik Huseklepp
35.1%
Erik Huseklepp
35.1%
Erik Huseklepp
35.1%
Alexander Søderlund
34.8%
Kristofer Hæstad
34.5%
Kristofer Hæstad
34.5%
Kristofer Hæstad
34.5%
Kjetil Wæhler
34.1%
Kjetil Wæhler
34.1%
Kjetil Wæhler
34.1%
Håkon Opdal
33.8%
Petter Rudi
33.6%
Petter Rudi
33.6%
Petter Rudi
33.6%
Jon Knudsen
33.1%
Jon Knudsen
33.1%
Adama Diomande
32.2%
Christer Basma
30.8%
Christer Basma
30.8%
Christer Basma
30.8%
Espen Ruud
30.7%
Espen Ruud
30.7%
Espen Ruud
30.1%
Frank Strandli
29.7%
Jan Derek Sørensen
29%
Björn Otto Bragstad
29%
Haitam Aleesami
28.9%
Ruben Jenssen
28.4%
Fredrik Strømstad
28%
Fredrik Strømstad
28%
Ruben Jenssen
27.9%
Magnus Eikrem
27.7%
Ruben Jenssen
27.6%
Tore Reginiussen
27%
Martin Linnes
26.6%
Ole Selnæs
26.1%
Magne Hoseth
25.4%
Vadim Demidov
25.4%
Jan Gunnar Solli
25.2%
Jan Gunnar Solli
25.2%
Stefan Strandberg
23%
Henning Hauger
20.6%
Henning Hauger
20.6%
Fredrik Winsnes
18.1%
Petter Vaagan Moen
16.4%
Anders Rambekk
15.4%
Jarl André Storbæk
14.9%

You're not logged in!

Compare scores with friends on all Sporcle quizzes.
Join for Free
OR
Log In

You Might Also Like...

Show Comments

Extras

Top Quizzes Today


Score Distribution

Your Account Isn't Verified!

In order to create a playlist on Sporcle, you need to verify the email address you used during registration. Go to your Sporcle Settings to finish the process.

Report this User

Report this user for behavior that violates our Community Guidelines.

Details: